De la calle a los estrados por justicia y libertad (Record no. 9800)
[ view plain ]
| 000 -LEADER | |
|---|---|
| campo de control de longitud fija | 00396nam a2200145Ia 4500 |
| 001 - NÚMERO DE CONTROL | |
| campo de control | 2481 |
| 008 - DATOS DE LONGITUD FIJA--INFORMACIÓN GENERAL | |
| campo de control de longitud fija | 241024s9999 xx 000 0 und d |
| 020 ## - NÚMERO INTERNACIONAL ESTÁNDAR DEL LIBRO | |
| Número Internacional Estándar del Libro | 978-9945-020-59-5 |
| 082 ## - NÚMERO DE LA CLASIFICACIÓN DECIMAL DEWEY | |
| Número de clasificación | RD/320.97293/V476de |
| 100 ## - ENTRADA PRINCIPAL--NOMBRE DE PERSONA | |
| Nombre de persona | Ramón Antonio Veras - Negro - |
| 245 #0 - MENCIÓN DEL TÍTULO | |
| Título | De la calle a los estrados por justicia y libertad |
| 260 ## - PUBLICACIÓN, DISTRIBUCIÓN, ETC. | |
| Nombre del editor, distribuidor, etc. | Búho |
| Fecha de publicación, distribución, etc. | 2008 |
| 901 ## - ELEMENTOS DE DATOS A LOCAL LDA (RLIN) | |
| a | 19/9/2012 11:07:35 a.m. |
No items available.